00928nam a22001695i 4500001000700000003000900007005001700016008004100033100004500074245028500119260006100404300005300465530003500518600006300553852005300616856008900669166536ES-MaACL20250905163235.0940202s1798 sp |||| | spa d1 aTorres Villarroel, Diego de, d1693-177010aLibro primero -[segundo], vida exemplar de la venerable madre Gregoria Francisca de Santa Teresa, carmelita descalza en el Convento de Sevilla... en el siglo doña Gregoria Francisca de la Parra Queinoge / cescrita por el Dr. D. Diego de Torres Villarroel ... ; tomo XII-[XIII]. aMadrid : ben la Imprenta de la Viuda de Ibarra, c1798. a2 v. ([18], 341 p. ; 349 p, [3] en bl.) ; c8º. aDisponible en formato digital.04aGregoria Francisca de Santa Teresa c(O.C.D.), d1653-1736 aES-MaACLjR-2218-19 z- Enc. pasta española uhttp://bdh-rd.bne.es/viewer.vm?id=0000014247&page=1 zBiblioteca Digital Hispánica